00294 a2200121 4500001000700000020001500007040003500022100003100057240003600088245003100124300000800155362000900163156750 a8508023847 cEscola São Tomás de Aquino aFALCÃO, Gérson Marinho10aPsicologia da aprendizagemlpor10aPsicologia da aprendizagem a2370 a1996